Every Nightmare Anime - Statistics

General Stats
  • This quiz has been taken 4 times
  • The average score is 2 of 7
Answer Stats
Answer % Correct
Death Note
100%
Box of Goblins
33%
Claymore
33%
Croket!
0%
Duel Masters King!
0%
Neuro: Supernatural Detective
0%
The Last Summoner
0%
No matching quizzes found
Score Distribution
Percent of People with Each Score
Percentile by Number Answered
Your Score History
You have not taken this quiz